Datum a čas kvízu
39
Celkem bodů
Celkový počet nahraných bodů na tomto kvízu bez doplňovacích otázek.
1.
Pořadí na kvízu
Konečné umístění týmu na tomto kvízu.
Zaznamenané odpovědi
| # | Otázka | Odpověď | Body | Výsledky |
|---|---|---|---|---|
| 1. | Odborníci ze Západočeské unive... | sršeň (asijská) | 1 | |
| 2. | Jak se jmenuje nezávislý kandi... | Robert Francis Kennedy Jr. | 1 | |
| 3. | Na Velký pátek se to v O<sub>2... | Judas Priest | 1 | |
| 4. | Minulý týden si žena na severu... | s bambulí (od čepice) | 1 | |
| 5. | Český snowboardista Radek Hous... | obarvit se na blond | 1 | |
| 6. | Věříme, že ovládáte velkou pal... | Řecko | 1 | |
| 7. | Zhruba 56 tisíc lidí obývá ost... | Grónsko | 1 | |
| 8. | Vyberte zemi, jejíž zkratka ná... | A | 0 | |
| 9. | Švýcarsko má čtyři úřední jazy... | 1C 2B 3A 4D | 1 | |
| 10. | Caerdydd je alternativní název... | Cardiff | 1 |